000 00440nam a2200181Ia 4500
005 20250603145449.0
008 250603s9999 xx 000 0 und d
020 _a978-0-13-139199-4
100 _aTaha Hamdy A
245 0 _aOperation Research An Introduction
250 _a9th ed.
260 _aNew Jersey
260 _bPeason Ecucation International
260 _c2011
300 _a824 p
650 _aNew Jersey
942 _cBK
999 _c41933
_d41933